000 01009nam a2200301 4500
001 0000017367
003 CO-CtgCURN
005 20250329164839.0
007 ta
008 160627s1998 000 0 eng d
020 _a9687681721
040 _aCO-CtgCURN
_bspa
_ccoctgcurn
082 0 _a657.6
_bB74a
100 1 _aBrink, V.
245 1 0 _aAuditoria interna moderna :
_bevaluacion de operaciones y controles /
_cV. Brink y H. Witt.
260 _aMexico :
_bMcGraw Hill,
_c1998.
300 _axviii, 801 p.
336 _2rdacontent
337 _2rdamedia
_asin mediacion
_bn
338 _2rdacarrier
_avolumen
_bnc
500 _aIncluye Apendices.
505 8 _aFundamentos de la auditoria interna.--Adminsitracion de las actividades de auditoria interna.--areas operacionales.--Relaciones especiales y evaluacion
650 1 4 _aAuditoria.
700 1 _aWitt, H.
908 _a160627
942 _cBK
_h657.6
_iB74a
_2ddc
999 _c2241
_d2241